Fr. Conceicao Rodrigues College of Engineering

Machine shop-drill press (Record no. 24364)

MARC details
000 -LEADER
fixed length control field 00304nam a2200133Ia 4500
082 ## - DEWEY DECIMAL CLASSIFICATION NUMBER
Classification number 670.423
100 ## - MAIN ENTRY--PERSONAL NAME
Personal name Wasiloff/ Thomas
245 ## - TITLE STATEMENT
Title Machine shop-drill press
260 ## - PUBLICATION, DISTRIBUTION, ETC.
Name of publisher, distributor, etc. American Technical Society
Place of publication, distribution, etc. Chicago
Date of publication, distribution, etc. 1976
300 ## - PHYSICAL DESCRIPTION
Extent 258
546 ## - LANGUAGE NOTE
Language note ENGLISH
654 ## - SUBJECT ADDED ENTRY--FACETED TOPICAL TERMS
Focus term Machine shop
942 ## - ADDED ENTRY ELEMENTS (KOHA)
Koha item type BOOK
Holdings
Withdrawn status Lost status Damaged status Not for loan Collection Home library Current library Shelving location Date acquired Source of acquisition Cost, normal purchase price Inventory number Total Checkouts Full call number Barcode Date last seen Cost, replacement price Price effective from Koha item type
        AFT Fr. Agnel's C.Rodrigues College of Engineering Fr. Agnel's C.Rodrigues College of Engineering   17/03/2023 UBS 57.60 T-234   670.423 AFT2984 17/03/2023 57.60 17/03/2023 BOOK